| 000 | 00530nam a22002057a 4500 | ||
|---|---|---|---|
| 003 | OSt | ||
| 005 | 20220107122728.0 | ||
| 008 | 140108b xxu||||| |||| 00| 0 eng d | ||
| 040 | _cIIITM-K | ||
| 082 | _a630 MAD/L | ||
| 100 |
_aMadhavan Nair, G _92803 |
||
| 245 |
_aLEADS: _bA handbook for field assistants _cby G Madhavan Nair |
||
| 260 |
_aTrivandrum, _bIIITM-K, _c2013. |
||
| 300 | _a242p. | ||
| 650 |
_aAGRICULTURE _92804 |
||
| 650 |
_aLEADS _92805 |
||
| 650 |
_aKERALA _92806 |
||
| 650 |
_aIIITM-K _92807 |
||
| 942 |
_2ddc _cRBK |
||
| 999 |
_c3502 _d3502 |
||